Państwa z największą liczbą osób mówiących po angielsku - Statystyki

Ogólne statystyki
  • Ten quiz został rozwiązany 26 razy
  • Średni wynik to 7 z 10
Statystyki odpowiedzi
# Osoby % Państwo % Poprawnych
267 mln 78,1 Stany Zjednoczone
100%
19,1 mln 72,8 Australia
95%
21 mln 54,4 Kanada
95%
62,9 mln 92,3 Wielka Brytania
95%
4,48 mln 85,9 Nowa Zelandia
86%
4,69 mln 93,2 Irlandia
73%
5,59 mln 9,31 Republika Południowej Afryki
64%
39,7 mln 18,0 Nigeria
32%
2,76 mln 97,7 Jamajka
23%
2,89 mln 48,3 Singapur
9%
Nie znaleziono quizów pasujących do podanych kryteriów
Rozkład punktacji
Procent ludzi z każdym wynikiem
Percentyl według liczby udzielonych odpowiedzi
Twoja historia wyników
Nie rozwiązałeś tego quizu